000 00436nam a2200157 i 4500
001 94712
003 ES-MaACL
005 20230906181534.0
007 t|
008 050512s1969 sp ||||1| spa d
100 1 _aLozano Garrido, Manuel.
_974443
245 1 0 _aReportajes desde la cumbre /
_cManuel Lozano Garrido.
260 _aBurgos :
_bMonte Carmelo,
_c1969.
300 _a344 p. ;
_c22 cm.
852 _aES-MaACL
_jC-47927
_bR.72737
999 _c94712
_d94712